[Event "Winter Deaflympics 2023 Chess Tournamen"]
[Site "Erzurum"]
[Date "2024.03.12"]
[Round "7.2"]
[White "Parhomenko, Margarita"]
[Black "Cseke, Viktoria"]
[Result "0-1"]
[WhiteElo "1970"]
[BlackElo "1776"]
[PlyCount "52"]
[EventDate "2024.??.??"]

1. d4 g6 2. Bf4 Bg7 3. Nc3 d6 4. e4 Nd7 5. Qd2 c6 6. O-O-O e5 7. dxe5 dxe5 8.
Bg5 Ngf6 9. Be2 O-O 10. Bh6 b5 11. Bxg7 Kxg7 12. f3 a5 13. h4 a4 14. g4 b4 15.
Nb1 Qb6 16. h5 Nc5 17. hxg6 fxg6 18. Bc4 Be6 19. g5 Nfxe4 20. Qh2 Nxg5 21. Bxe6
Ncxe6 22. Rd7+ Kf6 23. Nh3 Qe3+ 24. Nd2 Rad8 25. Ra7 Nxf3 26. Rd1 Nxh2 0-1

[Event "Winter Deaflympics 2023 Chess Tournamen"]
[Site "Erzurum"]
[Date "2024.03.12"]
[Round "7.3"]
[White "Malika, Handa"]
[Black "Lyanguzova, Alina"]
[Result "1-0"]
[WhiteElo "1607"]
[BlackElo "1775"]
[PlyCount "35"]
[EventDate "2024.??.??"]

1. e4 c6 2. d4 d5 3. Nc3 dxe4 4. Nxe4 Nf6 5. Nxf6+ exf6 6. Nf3 Bd6 7. Bd3 O-O
8. O-O Qc7 9. h3 Nd7 10. Nh4 g6 11. Bh6 Rd8 12. c3 Nf8 13. Qf3 Be7 14. g4 Ne6
15. Rae1 Re8 16. Re2 Ng5 17. Qxf6 Ne6 18. Rxe6 1-0

[Event "Winter Deaflympics 2023 Chess Tournamen"]
[Site "Erzurum"]
[Date "2024.03.12"]
[Round "7.4"]
[White "Muratova, Aliya"]
[Black "Lukasik, Zuzanna"]
[Result "0-1"]
[WhiteElo "1404"]
[BlackElo "1797"]
[PlyCount "110"]
[EventDate "2024.??.??"]

1. d4 d5 2. Nf3 e6 3. g3 Nf6 4. Bg2 c5 5. c3 Nc6 6. e3 Bd6 7. dxc5 Bxc5 8. Nbd2
O-O 9. O-O b6 10. Nd4 Bb7 11. Nxc6 Bxc6 12. Nb3 Be7 13. Nd4 Bb7 14. b4 Rc8 15.
Bb2 Qd7 16. Bh3 Ne4 17. Qd3 Nd6 18. a4 Nc4 19. Rfb1 a6 20. b5 a5 21. f4 f5 22.
Ra2 g6 23. Ba1 Bf6 24. Re1 Bg7 25. g4 Kh8 26. g5 Rfe8 27. Rae2 Qc7 28. Bf1 Nd6
29. Rg2 Ne4 30. Rc1 Nd6 31. h4 e5 32. Ne2 Qc4 33. Ng3 Qxd3 34. Bxd3 d4 35. Re2
e4 36. Bb1 d3 37. Rh2 Bd5 38. Ba2 Bxa2 39. Rxa2 Rc4 40. h5 Rec8 41. Ra3 Nb7 42.
h6 Bf8 43. Ra2 Kg8 44. Bb2 Nc5 45. Nf1 Rxa4 46. Rxa4 Nxa4 47. Ba1 Ba3 48. Rb1
Nxc3 49. Bxc3 Rxc3 50. Kf2 Rc2+ 51. Ke1 Bb4+ 52. Kd1 Rf2 53. Kc1 Rxf1+ 54. Kb2
Rxb1+ 55. Kxb1 d2 0-1

[Event "Winter Deaflympics 2023 Chess Tournamen"]
[Site "Erzurum"]
[Date "2024.03.12"]
[Round "7"]
[White "Kevorkov, Artur"]
[Black "Cechi, Goran"]
[Result "1/2-1/2"]
[WhiteElo "2127"]
[BlackElo "1977"]
[PlyCount "60"]
[EventDate "2024.??.??"]

1. e4 e6 2. d4 d5 3. exd5 exd5 4. Bd3 c5 5. c3 Nc6 6. Nf3 Nf6 7. O-O Be7 8. Be3
cxd4 9. Nxd4 O-O 10. Nd2 h6 11. N2f3 a6 12. Qc2 Qc7 13. Bf5 Bd6 14. h3 Ne5 15.
Nxe5 Bxe5 16. Bxc8 Raxc8 17. Rad1 Rfd8 18. Nf3 b5 19. Nxe5 Qxe5 20. Bd4 Qg5 21.
Bxf6 Qxf6 22. Rd2 d4 23. Rfd1 dxc3 24. Rxd8+ Rxd8 25. Rxd8+ Qxd8 26. Qxc3 Qd1+
27. Kh2 Qd6+ 28. Kg1 Qd1+ 29. Kh2 Qd6+ 30. Kg1 Qd1+ 1/2-1/2

[Event "Winter Deaflympics 2023 Chess Tournamen"]
[Site "Erzurum"]
[Date "2024.03.12"]
[Round "7"]
[White "Vujakovic, Branko"]
[Black "Koessler, Wolfgang"]
[Result "1/2-1/2"]
[WhiteElo "2232"]
[BlackElo "1872"]
[PlyCount "30"]
[EventDate "2024.??.??"]

1. e4 c5 2. Nf3 e6 3. d4 cxd4 4. Nxd4 Nc6 5. Nc3 Nf6 6. Ndb5 d6 7. Bf4 e5 8.
Bg5 a6 9. Na3 b5 10. Nd5 Qa5+ 11. Bd2 Qd8 12. Bg5 Qa5+ 13. Bd2 Qd8 14. Bg5 Qa5+
15. Bd2 Qd8 1/2-1/2

[Event "Winter Deaflympics 2023 Chess Tournamen"]
[Site "Erzurum"]
[Date "2024.03.12"]
[Round "7"]
[White "Ghadimi, Mohammed Reza"]
[Black "Bozinovic, Bogdan"]
[Result "1/2-1/2"]
[WhiteElo "2132"]
[BlackElo "2129"]
[PlyCount "64"]
[EventDate "2024.??.??"]

1. Nf3 Nf6 2. c4 c5 3. Nc3 d5 4. cxd5 Nxd5 5. d4 Nxc3 6. bxc3 cxd4 7. cxd4 e5
8. dxe5 Qxd1+ 9. Kxd1 Nc6 10. e3 Be6 11. Bb5 O-O-O+ 12. Bd2 Ba3 13. Bxc6 bxc6
14. Nd4 Bb2 15. Rb1 Bxd4 16. exd4 Rxd4 17. Kc1 Rhd8 18. Be3 Rc4+ 19. Kb2 Kc7
20. Ka1 Rc2 21. Rb2 Rxb2 22. Kxb2 a6 23. Rc1 Rd5 24. Rc5 Rxc5 25. Bxc5 h5 26.
h4 Bd5 27. g3 g6 28. a3 Be6 29. Bd4 Bd5 30. Bc5 Be6 31. Bd4 Bd5 32. Bc5 Be6
1/2-1/2

[Event "Winter Deaflympics 2023 Chess Tournamen"]
[Site "Erzurum"]
[Date "2024.03.12"]
[Round "7"]
[White "Vujcic, Toni"]
[Black "Opitz, Christian"]
[Result "1/2-1/2"]
[WhiteElo "2123"]
[BlackElo "1964"]
[PlyCount "61"]
[EventDate "2024.??.??"]

1. d4 Nf6 2. Nf3 e6 3. c4 b6 4. g3 Bb7 5. Bg2 Bb4+ 6. Bd2 Bxd2+ 7. Nbxd2 O-O 8.
O-O d6 9. e3 Nbd7 10. Rc1 Re8 11. Ne1 Bxg2 12. Kxg2 a5 13. b3 e5 14. dxe5 Nxe5
15. Ndf3 Qe7 16. Qc2 Nxf3 17. Nxf3 Qe4 18. Qxe4 Nxe4 19. Rfd1 f5 20. Nd2 Nxd2
21. Rxd2 Re4 22. Rc3 Rae8 23. Rcd3 Kf7 24. Rd4 Kf6 25. h4 g6 26. Rd1 h6 27. Rd5
R8e7 28. R1d2 Re8 29. Rd1 R8e7 30. R5d2 Re8 31. Ra1 1/2-1/2

[Event "Winter Deaflympics 2023 Chess Tournamen"]
[Site "Erzurum"]
[Date "2024.03.12"]
[Round "7"]
[White "Lapaj, Mateusz"]
[Black "Bokros, Istvan"]
[Result "1-0"]
[WhiteElo "2217"]
[BlackElo "1983"]
[PlyCount "138"]
[EventDate "2024.??.??"]

1. e4 c5 2. Nf3 Nc6 3. d4 cxd4 4. Nxd4 g6 5. Nc3 Bg7 6. Be3 Nf6 7. Bc4 Qa5 8.
O-O O-O 9. Bb3 d6 10. h3 Bd7 11. f4 Nxd4 12. Bxd4 Bc6 13. Qd3 Nd7 14. Bxg7 Kxg7
15. Rae1 Rad8 16. Kh1 Nc5 17. Qd4+ e5 18. fxe5 Nxb3 19. axb3 dxe5 20. Qf2 a6
21. Qf6+ Kg8 22. Rd1 Rxd1 23. Rxd1 Re8 24. Qd6 Re6 25. Qb8+ Re8 26. Qd6 Re6 27.
Qd3 Qc5 28. Rd2 Kg7 29. Nd5 Bxd5 30. exd5 Rd6 31. Qe4 f6 32. g4 Qa5 33. Rd1 Qd8
34. c4 Rb6 35. Rd3 Qd6 36. Qe3 Rb4 37. Kg2 b6 38. Rd1 a5 39. Qc3 a4 40. bxa4
Rxa4 41. g5 Ra8 42. gxf6+ Qxf6 43. Rf1 Qg5+ 44. Qg3 Qd2+ 45. Rf2 Qd4 46. Qf3 e4
47. Qf7+ Kh6 48. b3 Qd3 49. Qf4+ Kg7 50. Qe5+ Kh6 51. Qf4+ Kg7 52. Qc7+ Kh6 53.
Qg3 e3 54. Qf4+ Kg7 55. Qe5+ Kh6 56. Rf3 Qxb3 57. Qf4+ Kg7 58. Rxe3 Qb2+ 59.
Kg3 Qf6 60. Qxf6+ Kxf6 61. Re6+ Kf5 62. Rxb6 Ra3+ 63. Kg2 Rc3 64. Rc6 Kf4 65.
d6 Rc2+ 66. Kf1 Ke3 67. c5 h5 68. d7 Rf2+ 69. Kg1 Ke4 1-0

[Event "Winter Deaflympics 2023 Chess Tournamen"]
[Site "Erzurum"]
[Date "2024.03.12"]
[Round "7"]
[White "Wirth, Adam"]
[Black "Miozga, Tomasz"]
[Result "1/2-1/2"]
[WhiteElo "1962"]
[BlackElo "2126"]
[PlyCount "98"]
[EventDate "2024.??.??"]

1. e4 c6 2. Nf3 d5 3. exd5 cxd5 4. Ne5 Nc6 5. d4 Nf6 6. Bb5 Bd7 7. Bxc6 Bxc6 8.
Nd2 e6 9. c3 Be7 10. O-O O-O 11. f4 Qc7 12. Rf3 Ne4 13. Rh3 f5 14. Ndf3 Bf6 15.
g4 g6 16. Be3 Rae8 17. Qe2 Re7 18. Kh1 Rg7 19. Rg1 Be8 20. Rh6 Nd6 21. Bf2 Ne4
22. Bh4 Bxe5 23. Nxe5 fxg4 24. Rxg4 Rf5 25. Qg2 Qa5 26. a3 Qa4 27. h3 Qd1+ 28.
Kh2 Nd2 29. Qf2 Ne4 30. Qe1 Qxe1 31. Bxe1 Nf6 32. Rgh4 Nh5 33. Bd2 Rgf7 34.
Nxf7 Bxf7 35. Rg4 Kg7 36. Rxh5 Rxh5 37. Rg5 Rxg5 38. fxg5 Be8 39. Kg3 Kf7 40.
Kf4 Bb5 41. b3 Ke7 42. Ke5 Bd3 43. c4 dxc4 44. Bb4+ Kd7 45. bxc4 Bxc4 46. Kf6
Bf1 47. h4 Be2 48. Kg7 Kc6 49. Kxh7 Bh5 1/2-1/2

[Event "Winter Deaflympics 2023 Chess Tournamen"]
[Site "Erzurum"]
[Date "2024.03.12"]
[Round "7"]
[White "Szalko, Maciej"]
[Black "Raibl, Zoltan"]
[Result "1/2-1/2"]
[WhiteElo "1948"]
[BlackElo "1956"]
[PlyCount "88"]
[EventDate "2024.??.??"]

1. d4 d5 2. c4 e6 3. Nf3 Nf6 4. g3 Be7 5. Bg2 O-O 6. Qc2 Nbd7 7. O-O a6 8. Rd1
dxc4 9. Nbd2 c5 10. Nxc4 cxd4 11. Rxd4 Qc7 12. Bf4 Qc5 13. Rc1 Nd5 14. Bg5 f6
15. Bd2 b5 16. Ne3 Qxc2 17. Rxc2 Nxe3 18. Bxe3 Bc5 19. Rd3 Bxe3 20. Rxe3 Ra7
21. Rxe6 Ne5 22. Rd6 Nc4 23. Rd4 Bf5 24. e4 Bg6 25. b3 Na3 26. Rc5 Re8 27. Nh4
Ree7 28. Rc6 a5 29. f4 a4 30. Nxg6 hxg6 31. bxa4 bxa4 32. Rc3 Nb5 33. Rc8+ Kf7
34. Rdd8 Red7 35. Rf8+ Ke7 36. Rce8+ Kd6 37. e5+ fxe5 38. Rxe5 Nc3 39. a3 Re7
40. Rc8 Nb1 41. Rd5+ Ke6 42. Rd3 Rac7 43. Rb8 Rc1+ 44. Kf2 Rc2+ 1/2-1/2